书目信息 |
| 题名: |
大国风采
|
|
| 作者: | 姜越 主编 | |
| 分册: | ||
| 出版信息: | 北京 中国书店 2020 |
|
| 页数: | 219页 | |
| 开本: | 24cm | |
| 丛书名: | 中华文明一本通系列 | |
| 单 册: | ||
| 中图分类: | K240.9 | |
| 科图分类: | ||
| 主题词: | 中国历史--zhong guo li shi--隋唐时代--通俗读物 | |
| 电子资源: | ||
| ISBN: | 978-7-5149-2388-9 | |
| 000 | 01020oam2 2200277 450 | |
| 001 | 2161402030 | |
| 005 | 20210928130734.0 | |
| 010 | @a978-7-5149-2388-9@dCNY58.00 | |
| 100 | @a20201113d2020 em y0chiy0120 ea | |
| 101 | 0 | @achi |
| 102 | @aCN@b110000 | |
| 105 | @aa z 000yy | |
| 106 | @ar | |
| 200 | 1 | @a大国风采@Ada guo feng cai@e隋唐文明一本通@f姜越主编 |
| 210 | @a北京@c中国书店@d2020 | |
| 215 | @a219页@c图@d24cm | |
| 225 | 2 | @a中华文明一本通系列@Azhong hua wen ming yi ben tong xi lie |
| 314 | @a姜越,女,笔名西江月、水墨清浅,江苏省沭阳县人。 | |
| 330 | @a本书对隋唐三百年间的历史文化进行全面的、学术的、总结性研究的大规模纂述,是展现隋唐文明的精髓与核心的集大成之作,更是展现隋唐历史与文明的山容海纳之巨构。 | |
| 461 | 0 | @12001 @a中华文明一本通系列 |
| 517 | 1 | @a隋唐文明一本通@Asui tang wen ming yi ben tong |
| 606 | 0 | @a中国历史@Azhong guo li shi@z隋唐时代@j通俗读物 |
| 690 | @aK240.9@v5 | |
| 701 | 0 | @a姜越@Ajiang yue@4主编 |
| 801 | 0 | @aCN@b百万庄@c20210927 |
| 905 | @b1301615-18@dK240.9@e53@f4 | |
| 大国风采:隋唐文明一本通/姜越主编.-北京:中国书店,2020 |
| 219页:图;24cm.-(中华文明一本通系列) |
| ISBN 978-7-5149-2388-9:CNY58.00 |
| 本书对隋唐三百年间的历史文化进行全面的、学术的、总结性研究的大规模纂述,是展现隋唐文明的精髓与核心的集大成之作,更是展现隋唐历史与文明的山容海纳之巨构。 |
| ● |
| 相关链接 |
|
|
|
|
正题名:大国风采
索取号:K240.9/53
 
预约/预借
| 序号 | 登录号 | 条形码 | 馆藏地/架位号 | 状态 | 备注 |
| 1 | 1301615 | 213016154 | 第二样本阅览室/ [索取号:K240.9/53] | 在馆 | |
| 2 | 1301616 | 213016163 | 第二借阅区/ [索取号:K240.9/53] | 在馆 | |
| 3 | 1301617 | 213016172 | 第二借阅区/ [索取号:K240.9/53] | 在馆 | |
| 4 | 1301618 | 213016181 | 第二借阅区/ [索取号:K240.9/53] | 在馆 |